000 01045cam a2200241 4500
001 X113338
008 000000n2001 000 0 eng u
035 _a(Sirsi) u113338
100 _aManavazhi, M.
245 _aProductivity orientated analysis of design revisions
260 _c2001
490 _aConstruction Management and Economics
_v19(4) July 2001, 379-391(13)
520 _aPresents a framework to determine the time spent by the design team on design revisions, and their causes, which could be used to assess the productivity of the design phase and as a forecasting tool. When tested using data from 12 construction projects the owner's demands for changes to the design were found to be the most time consuming. Tables, diagrams, references.
650 _aCONSTRUCTION PROJECTS
650 _aDESIGN CHANGE
650 _aDESIGN MANAGEMENT
650 _aDESIGN PROCESS
650 _aDESIGN REVISIONS
650 _aPRODUCTIVITY
690 _aBUILDING AND CONSTRUCTION-MANAGEMENT
700 _aXunzhi, Z.
942 _n0
999 _c67518
_d67518